Purposive communication in the 21st century/ (Record no. 364087)
[ view plain ]
| 000 -LEADER | |
|---|---|
| fixed length control field | 00410nam a2200121Ia 4500 |
| 008 - FIXED-LENGTH DATA ELEMENTS--GENERAL INFORMATION | |
| fixed length control field | 200907s9999 xx 000 0 und d |
| 020 ## - INTERNATIONAL STANDARD BOOK NUMBER | |
| International Standard Book Number | 978-971-98-1101-5 |
| 100 ## - MAIN ENTRY--PERSONAL NAME | |
| Personal name | Barrot, Jessie S. |
| 245 ## - TITLE STATEMENT | |
| Statement of responsibility, etc | Jessie P. Barrot, Philippe John F. Sipacio |
| Title | Purposive communication in the 21st century/ |
| 260 ## - PUBLICATION, DISTRIBUTION, ETC. (IMPRINT) | |
| Place of publication, distribution, etc | Quezon City: |
| Name of publisher, distributor, etc | C and E Publishing, Inc. |
| Date of publication, distribution, etc | 2018 |
| 300 ## - PHYSICAL DESCRIPTION | |
| Extent | x,483 pages |
| Dimensions | 22 cm. |
| 650 ## - SUBJECT ADDED ENTRY--TOPICAL TERM | |
| Topical term or geographic name as entry element | Communication |
| Withdrawn status | Lost status | Damaged status | Home library | Current library | Shelving location | Date acquired | Source of acquisition | Total Checkouts | Full call number | Barcode | Date last seen | Price effective from | Koha item type |
|---|---|---|---|---|---|---|---|---|---|---|---|---|---|
| College Library | College Library | Filipiniana Section | 09/07/2020 | Library Fund | P 90 .B37 2018 | C22266 | 09/07/2020 | 09/07/2020 | Books |